000 00484cam a2200193ua 4500
001 5973
005 20260515113948.0
008 131029n ii |||gr||||Z||||||eng
040 _cMAIN
082 _a940
100 _aFisher,H.A.L,
_eAuthor.
245 _aHistory Of Europe :
_bVol ii /
_cby H.A.L Fisher .
260 _aDelhi:
_bSurjeet Publications,
_c1981.
300 _a1300p.
653 _aHistory of Europe
653 _aHistory Of Europe
653 _aVol ii
942 _cBK
999 _c5122
_d5122